Guerra en el Pacífico Sur

Đã lưu trong:
Chi tiết về thư mục
Tác giả chính: Mason, Theodorus Bailey Myers (autor)
Định dạng: Sách
Ngôn ngữ:Tiếng Tây Ban Nha
Được phát hành: Buenos Aires, Argentina Francisco de Aguirre 1971
Những chủ đề:
Các nhãn: Thêm thẻ
Không có thẻ, Là người đầu tiên thẻ bản ghi này!

MARC

LEADER 00000cam a2200000 a 4500
001 UCO2073
003 CL-VaPUC
005 20211022173159.0
008 000602e19710000AG |||||||||||||||||spa|d
999 |c 288614  |d 288612 
040 |c Pontificia Universidad Católica de Valparaíso 
082 0 4 |a 983.061 MAR 1971  |2 21 
100 |a Mason, Theodorus Bailey Myers  |e autor  |9 444794 
245 1 0 |a Guerra en el Pacífico Sur 
260 |a Buenos Aires, Argentina  |b Francisco de Aguirre  |c 1971 
300 |a 224 páginas 
583 |a last modification  |c 20170711 09:29:47  |k Rodrigo Vera 
650 7 |a HISTORIA DE CHILE  |2 CL-VaPUC  |9 444795  |y 1879-1881 
650 0 |a Guerra del Pacífico  |z CHILE  |9 314886 
650 7 |a CAMPAÑAS MILITARES  |2 CL-VaPUC  |9 437721  |z CHILE 
650 7 |a BATALLAS NAVALES  |2 CL-VaPUC  |9 441547  |z CHILE 
852 |a BIBCUR 
942 |c BK  |2 ddc 
945 |d 20000602 00:00:00  |a crobeson 
952 |0 0  |1 0  |2 ddc  |4 0  |6 983_061000000000000_MAS_1971  |7 0  |8 A  |9 336409  |a BIBHIS  |b BIBHIS  |d 2019-11-20  |i 1278193  |o 983.061 MAS 1971  |p 1278193  |r 2025-01-20  |t 1  |w 2019-11-20  |y BK  |k HIS 
952 |0 0  |1 0  |2 ddc  |3 erb  |4 0  |6 983_061000000000000_MAS_1971  |7 0  |8 A  |9 336410  |a BIBHIS  |b BIBHIS  |i 5408393  |o 983.061 MAS 1971  |p 5408393  |r 2025-01-20  |t 2  |w 2019-11-20  |y BK  |z Catalogado en:20170713  |k HIS